00564nam a22001937a 450000500170000001000150001702000260003203500140005803700090007208200110008110000250009224500490011726000430016627000660020930000260027570000250030194200250032699900190035120250424104344.0 aENG-144682 a9788197577284c175.00 aEN-128219 bDBAD a88121 aAhmed, Farida980835 aThe Heavenly Sky :bPoems/cAnanda, Bormudoi aAssambPoetry Without Fear (PWF)c2024 aPoetry Without Fear (PWF)bAssammpoetrywithoutfear@gmail.com avi,34 p.c22 cm.(hbk) aFarida, Ahmed976691 2ddccENh881mFARe1 c211085d211085